Copan: revista teórica/
Αποθηκεύτηκε σε:
| Συγγραφή απο Οργανισμό/Αρχή: | |
|---|---|
| Μορφή: | Βιβλίο |
| Γλώσσα: | Spanish |
| Έκδοση: |
San José, Costa Rica:
El Comité,
|
| Θέματα: | |
| Ετικέτες: |
Προσθήκη ετικέτας
Δεν υπάρχουν, Καταχωρήστε ετικέτα πρώτοι!
|
MARC
| LEADER | 00000nam a22000007a 4500 | ||
|---|---|---|---|
| 003 | cru CIDCACS/IIS | ||
| 005 | 20220420110344.0 | ||
| 007 | ta | ||
| 008 | 180404b cr |||p|r||||||0| ||spa|| | ||
| 040 | |c cru CIDCACS/IIS | ||
| 090 | |a REV0194 | ||
| 110 | 2 | |9 6868 |a Comité Patriótico Nacional | |
| 245 | 1 | |a Copan: |b revista teórica/ |c Comité Patriótico Nacional | |
| 260 | |a San José, Costa Rica: |b El Comité, | ||
| 270 | |e Apdo. 949 | ||
| 500 | |a EXISTENCIAS : 1983 (1, 3-12) 1984 (3-24) 1985 (26-27) | ||
| 650 | 1 | 0 | |a MOVIMIENTOS SOCIALES |9 3 |
| 650 | 0 | |a ANALISIS POLITICO |9 6869 | |
| 650 | 4 | |9 1935 |a RECESION ECONOMICA | |
| 650 | 1 | 0 | |9 236 |a MARXISMO |
| 650 | 1 | 0 | |9 2020 |a ECOLOGIA |
| 650 | 1 | 0 | |9 88 |a MUJERES |
| 651 | 1 | 0 | |9 32 |a COSTA RICA |
| 651 | 1 | 0 | |9 17 |a AMERICA LATINA |
| 942 | |2 ddc |c PP | ||
| 999 | |c 41224 |d 41224 | ||
